01049nam a2200193Ia 4500001001100000003001000011008004100021040002500062041001300087100004500100245004100145250001100186260008400197300001100281500021700292501011400509520021700623650001500840L265-28510IT-CnALBA170116s9999||||xx |||||||||||||| ||und|| aIT-CnALBAcIT-CnALBA aITALIANO aMAGRASSI MARIANO, OSB., VESCOVO DI BARI. 0aEUCARISTIA E CHIESA: UN SOLO CORPO.  a1a ed. aNOCI (BARI)bLA SCALA, EDIZIONI c1982 [1° Ed.:1982 - Ed.Ling.Originale: 1982] a58 p.  aEUCARISTIA E CHIESA. CORPO EUCARISTICO E CORPO ECCLESIALE. CHIESA CHE FA L'EUCARISTIA ED EUCARISTIA CHE FA LA CHIESA. TESTIMONIANZE DELLA TRADIZIONE. LA CHIESA A SEVIZIO DELL'UOMO. S. AGOSTINO E IL POSTCOMMUNIO.  aSocietà San Paolo EM - Piazza San Paolo, 14 - 12051 ALBA (CN) (non commercial uses only) ® Copyright 2017 aEUCARISTIA E CHIESA. CORPO EUCARISTICO E CORPO ECCLESIALE. CHIESA CHE FA L'EUCARISTIA ED EUCARISTIA CHE FA LA CHIESA. TESTIMONIANZE DELLA TRADIZIONE. LA CHIESA A SEVIZIO DELL'UOMO. S. AGOSTINO E IL POSTCOMMUNIO.  aSACRAMENTI